| 000 | 00669nam a2200229 i 4500 | ||
|---|---|---|---|
| 001 | bgj | ||
| 100 | 1 | _aUR, Penny | |
| 245 | 1 | 0 |
_aA course in language teaching : _bpractice and theory / _cPenny Ur. |
| 250 | _a3rd print. | ||
| 260 |
_aCambridge : _bCambridge University Press, _c1998. |
||
| 300 |
_aXIII, 375 pp : _bdraw., fig. ; _c25 cm. |
||
| 504 | _aBibliography p. 360-366. | ||
| 505 | _aIncludes index. | ||
| 650 | 9 |
_aLanguage and languages _xStudy and teaching |
|
| 650 | 9 |
_aLanguage teachers _xTraining of |
|
| 020 | _a052144994 | ||
| 040 | _cBPK | ||
| 041 | _aeng | ||
| 920 | _a0-521-44994 | ||
| 942 | _cKS | ||
| 008 | s uk f |000 0 eng | ||
| 999 |
_c48237 _d48237 |
||
| 856 |
_uhttp://koha.tu.koszalin.pl/cgi-bin/koha/opac-detail.pl?biblionumber=48237 _yKatalog online BPK |
||